000 00533nam a2200181Ia 4500
001 11889
005 20260306162901.0
008 260306t2021||||xx |||||||||||||| ||spa||
041 _aESP
082 _a352.367
_bF41
100 _aFernández Iparraguirre, Jaddy
_eAUT
245 0 _aTransformación digital en el Estado:
_bacciones y procesos para adelantar la transformación digital del Estado pospandemia
260 _c2021
300 _a223 páginas :
_c24 cm.
650 _aGEN
654 _aCAN
942 _cLIB
_dJUS
_fJUS
_2ddc
_n
999 _c11889
_d11889